Doctor Who Series Three Episodes By Image - Statistics

General Stats
  • This quiz has been taken 50 times
  • The average score is 10 of 13
Answer Stats
Picture Answer % Correct
Blink
95%
The Family of Blood
93%
Gridlock
84%
The Sound of Drums
84%
The Lazarus Experiment
82%
42
80%
The Shakespeare Code
80%
Utopia
80%
Human Nature
77%
Smith and Jones
73%
The Last of the Time Lords
73%
Daleks in Manhattan
70%
Evolution of the Daleks
68%
No matching quizzes found
Score Distribution
Percent of People with Each Score
Percentile by Number Answered
Your Score History
You have not taken this quiz